Measurement techniques, sensors and plataforms: a derivative of Encyclopedia of Ocean Sciences, Second Edition
Uloženo v:
| Hlavní autor: | |
|---|---|
| Médium: | Kniha |
| Jazyk: | angličtina |
| Vydáno: |
Boston
Elsevier
2009
|
| Vydání: | 1a. ed |
| Témata: | |
| Tagy: |
Přidat tag
Žádné tagy, Buďte první, kdo vytvoří štítek k tomuto záznamu!
|
MARC
| LEADER | 00000cam a2200000 a 4500 | ||
|---|---|---|---|
| 001 | UCD8014 | ||
| 003 | CL-VaPUC | ||
| 008 | 170422e20090000uk |||||||||||||||||eng|d | ||
| 020 | |a 9780080964874 | ||
| 082 | 0 | 4 | |a 551.46 |b THO |2 21 |
| 100 | 0 | |a Thorpe, Steve A |e author |9 591870 | |
| 245 | 1 | 0 | |a Measurement techniques, sensors and plataforms: a derivative of Encyclopedia of Ocean Sciences, Second Edition |
| 250 | |a 1a. ed | ||
| 300 | |a 652 p | ||
| 942 | |c BK | ||
| 945 | |d 20170422 00:05:00 |a dcastane | ||
| 260 | |a Boston |b Elsevier |c 2009 | ||
| 650 | 0 | |a Oceanografía |9 260014 | |
| 650 | 7 | |a OCEANOGRAFIA DINAMICA |2 CL-VaPUC |9 360566 | |
| 650 | 7 | |a PLATAFORMAS MARINAS |2 CL-VaPUC |9 462495 | |
| 583 | |a last modification |c 20170422 00:05:00 |k Rodrigo Vera | ||
| 999 | |c 367795 |d 367793 | ||
| 952 | |0 0 |1 0 |2 ddc |3 erb |4 0 |6 551_460000000000000_THO_2009 |7 0 |8 A |9 482875 |a BIBCUR |b BIBCUR |i 5373220 |o 551.46 THO 2009 |p 5373220 |r 2025-04-22 |w 2019-11-24 |y BK |z Catalogado en:20170422 |k CIM | ||